System software : (Record no. 176496)

000 -LEADER
fixed length control field 00875 a2200217 4500
003 - CONTROL NUMBER IDENTIFIER
control field Nust
005 - DATE AND TIME OF LATEST TRANSACTION
control field 20220719191943.0
010 ## - LIBRARY OF CONGRESS CONTROL NUMBER
LC control number 84018506
020 ## - INTERNATIONAL STANDARD BOOK NUMBER
International Standard Book Number 0201109506 :
040 ## - CATALOGING SOURCE
Transcribing agency Nust
082 00 - DEWEY DECIMAL CLASSIFICATION NUMBER
Classification number 001.642,BEC
100 1# - MAIN ENTRY--PERSONAL NAME
Personal name Beck, Leland L.
9 (RLIN) 93926
245 10 - TITLE STATEMENT
Title System software :
Remainder of title an introduction to systems programming /
Statement of responsibility, etc. Leland L. Beck.
260 ## - PUBLICATION, DISTRIBUTION, ETC.
Place of publication, distribution, etc. Reading, Mass. :
Name of publisher, distributor, etc. Addison-Wesley Pub. Co.,
Date of publication, distribution, etc. c1985.
300 ## - PHYSICAL DESCRIPTION
Extent xiii, 434 p. :
Other physical details ill. ;
Dimensions 24 cm.
505 ## - FORMATTED CONTENTS NOTE
Formatted contents note Background (Page-1), Assemblers (Page-43), Loaders and Linkers (Page-1230, Marco Processors (Page-175), Compilers (Page-225), Operating Systems (Page-325), Other System Software (Page-419), Software Engineering Issues (Page-447).
538 ## - SYSTEM DETAILS NOTE
System details note Almirah No.1 and Shelf No.2
650 #0 - SUBJECT ADDED ENTRY--TOPICAL TERM
Topical term or geographic name entry element Computer programming.
650 #0 - SUBJECT ADDED ENTRY--TOPICAL TERM
Topical term or geographic name entry element Systems programming (Computer science).
9 (RLIN) 66948
942 ## - ADDED ENTRY ELEMENTS (KOHA)
Source of classification or shelving scheme
Koha item type Book
Holdings
Withdrawn status Lost status Source of classification or shelving scheme Damaged status Not for loan Permanent Location Current Location Shelving location Date acquired Full call number Barcode Date last seen Price effective from Koha item type Public note
          Military College of Signals (MCS) Military College of Signals (MCS) General Stacks 12/12/2016 001.642,BEC MCS28615 12/08/2016 12/12/2016 Book Almirah No.1, Shelf No.2
© 2023 Central Library, National University of Sciences and Technology. All Rights Reserved.